|
|
|
|
| LEADER |
01931nam a2200445 4500 |
| 001 |
ocn923737004 |
| 003 |
OCoLC |
| 005 |
20180501122027.0 |
| 006 |
m o d |
| 007 |
cr cnu---unuuu |
| 008 |
151012s2015 maua o 001 0 eng d |
| 040 |
|
|
|a OPELS
|b eng
|e rda
|e pn
|c OPELS
|d YDXCP
|d OCLCF
|d IDEBK
|d N$T
|d VT2
|d FDA
|d OCLCO
|d OCLCQ
|d MEU
|d GrThAP
|
| 020 |
|
|
|a 9780128024584
|
| 020 |
|
|
|a 0128024585
|
| 035 |
|
|
|a (OCoLC)923737004
|
| 050 |
|
4 |
|a QP535.K1
|b S87 2015eb
|
| 072 |
|
7 |
|a SCI
|x 056000
|2 bisacsh
|
| 082 |
0 |
4 |
|a 571.6/4
|2 23
|
| 049 |
|
|
|a TEFA
|
| 245 |
0 |
0 |
|a Structure to Function of G Protein-Gated Inwardly Rectifying (GIRK) Channels /
|c edited by Paul A. Slesinger and Kevin Wickman.
|
| 264 |
|
1 |
|a Waltham, MA :
|b Academic Press,
|c 2015.
|
| 300 |
|
|
|a 1 online resource (xii, 365 pages :
|b illustrations).
|
| 336 |
|
|
|a text
|b txt
|2 rdacontent
|
| 337 |
|
|
|a computer
|b c
|2 rdamedia
|
| 338 |
|
|
|a online resource
|b cr
|2 rdacarrier
|
| 490 |
1 |
|
|a International review of neurobiology ;
|v 123
|
| 546 |
|
|
|a Text in English.
|
| 500 |
|
|
|a Includes index.
|
| 588 |
0 |
|
|a Title from title details screen (ScienceDirect, viewed October 12, 2015).
|
| 520 |
8 |
|
|a Annotation
|b A comprehensive overview of state-of-the-art research into GIRK potassium channels. It reviews current knowledge and understanding, providing a starting point for researchers and practitioners entering the field.
|
| 650 |
|
0 |
|a G proteins.
|
| 650 |
|
0 |
|a Potassium channels.
|
| 650 |
|
7 |
|a G proteins.
|2 fast
|0 (OCoLC)fst00936830
|
| 650 |
|
7 |
|a Potassium channels.
|2 fast
|0 (OCoLC)fst01073307
|
| 650 |
|
7 |
|a SCIENCE / Life Sciences / Anatomy & Physiology
|2 bisacsh
|
| 655 |
|
4 |
|a Electronic books.
|
| 700 |
1 |
|
|a Slesinger, Paul A.,
|e editor.
|
| 700 |
1 |
|
|a Wickman, Kevin D.
|q (Kevin David),
|e editor.
|
| 830 |
|
0 |
|a International review of neurobiology ;
|v v. 123.
|
| 856 |
4 |
0 |
|u https://www.sciencedirect.com/science/bookseries/00747742/123
|z Full Text via HEAL-Link
|